Modern control system (Record no. 69683)

000 -LEADER
fixed length control field 00711nam a22002057a 4500
003 - CONTROL NUMBER IDENTIFIER
control field NUST-PNEC
005 - DATE AND TIME OF LATEST TRANSACTION
control field 20170116181124.0
008 - FIXED-LENGTH DATA ELEMENTS--GENERAL INFORMATION
fixed length control field 140508b xxu||||| |||| 00| 0 eng d
020 ## - INTERNATIONAL STANDARD BOOK NUMBER
International Standard Book Number 8131718875
040 ## - CATALOGING SOURCE
Transcribing agency PNEC
082 ## - DEWEY DECIMAL CLASSIFICATION NUMBER
Classification number 629.83 DOR
100 ## - MAIN ENTRY--PERSONAL NAME
9 (RLIN) 105
Personal name Dorf, Richard C.
245 ## - TITLE STATEMENT
Title Modern control system
Statement of responsibility, etc. Richard C. Dorf
250 ## - EDITION STATEMENT
Edition statement 11th ed.
260 ## - PUBLICATION, DISTRIBUTION, ETC.
Place of publication, distribution, etc. New Dehli
Name of publisher, distributor, etc. Dorling Kindersley(India)Pvt.Ltd. of Pearson Education
Date of publication, distribution, etc. c.2008
300 ## - PHYSICAL DESCRIPTION
Extent xxiii, 1018 p. :
Other physical details ill. :
Dimensions 24 cm.
500 ## - GENERAL NOTE
General note Includes Index http://www.amazon.com/Modern-Control-Systems-11-e/dp/8131718875/ref=sr_1_1?s=books&ie=UTF8&qid=1399550187&sr=1-1&keywords=9788131718872
651 ## - SUBJECT ADDED ENTRY--GEOGRAPHIC NAME
General subdivision MIS, MS CONT
942 ## - ADDED ENTRY ELEMENTS (KOHA)
Source of classification or shelving scheme
Koha item type Book
Holdings
Withdrawn status Lost status Source of classification or shelving scheme Damaged status Not for loan Permanent Location Current Location Shelving location Date acquired Total Checkouts Full call number Barcode Date last seen Price effective from Koha item type Date last checked out
          Pakistan Navy Engineering College (PNEC) Pakistan Navy Engineering College (PNEC)   10/05/2015   629.83 DOR PNECLIB-031320 10/05/2015   Book  
          Pakistan Navy Engineering College (PNEC) Pakistan Navy Engineering College (PNEC)   10/05/2015   629.83 DOR PNECLIB-031530 10/05/2015   Book  
          Pakistan Navy Engineering College (PNEC) Pakistan Navy Engineering College (PNEC)   10/05/2015   629.83 DOR PNECLIB-031529 10/05/2015   Book  
          Pakistan Navy Engineering College (PNEC) Pakistan Navy Engineering College (PNEC)     2 629.83 DOR PNECLIB-031528 06/02/2016   Book 04/16/2016
© 2023 Central Library, National University of Sciences and Technology. All Rights Reserved.